000 00309nam a22001337a 4500
008 170222b xxu||||| |||| 00| 0 eng d
020 _a9781591951032
041 _aeng
080 _210ES
_a616.31
100 _a5
101 _aSHS
245 _aDRUG INFORMATION HANBOOK DENTISTRY
_cWYNN.R.L
942 _2udc
_cBK
999 _c6009
_d6009